BSOP header

凱撒與基督 Kaisa yu Jidu (Record no. 35391)

MARC details
000 -LEADER
fixed length control field 01263nam a2200253 4500
008 - FIXED-LENGTH DATA ELEMENTS--GENERAL INFORMATION
fixed length control field 110228s1998 ph ab 000 0 eng
090 ## - LOCALLY ASSIGNED LC-TYPE CALL NUMBER (OCLC); LOCAL CALL NUMBER (OCLC)
Classification number (OCLC) (R) ; Classification number, CALL (RLIN) (NR) CB53
Local cutter number (OCLC) ; Book number/undivided call number, CALL (RLIN) D93
-- 3.3
100 1# - MAIN ENTRY--PERSONAL NAME
Personal name 威爾・杜蘭 Durant, Will,
Dates associated with a name 1885-1981
245 10 - TITLE STATEMENT
Title 凱撒與基督 Kaisa yu Jidu
246 10 - VARYING FORM OF TITLE
Title proper/short title Caesar and Christ {ch} /
-- 威爾・杜蘭著 (Will Durant) Wei'er Dulan zhu ; 幼獅文化公司編譯 You shi wen hua gong si bian yi
260 ## - PUBLICATION, DISTRIBUTION, ETC. (IMPRINT)
Place of publication, distribution, etc 臺北市 Taibei shi :
Name of publisher, distributor, etc 幼獅文化事業公司 You shi wen hua shi ye gong si,
Date of publication, distribution, etc c[1998].
300 ## - PHYSICAL DESCRIPTION
Extent 3 v. :
Other physical details ill., maps ;
Dimensions 22 cm.
490 1# - SERIES STATEMENT
Series statement 世界文明史 Shi jie wen ming shi = The story of civilization ;
Volume number/sequential designation 第3卷di 3 juan
504 ## - BIBLIOGRAPHY, ETC. NOTE
Bibliography, etc Includes bibliographical references and indexes
505 0# - FORMATTED CONTENTS NOTE
Formatted contents note Pt. 1. 凱撒時代 Kaisa shi dai -- pt. 2. 奧古斯都時代 Aogusidu shi dai -- pt. 3. 基督時代 Jidu shi dai
650 #4 - SUBJECT ADDED ENTRY--TOPICAL TERM
Topical term or geographic name as entry element Christian civilization {ch}
650 #4 - SUBJECT ADDED ENTRY--TOPICAL TERM
Topical term or geographic name as entry element Rome
General subdivision Civilization {ch}
650 #4 - SUBJECT ADDED ENTRY--TOPICAL TERM
Topical term or geographic name as entry element Rome
General subdivision History {ch}
951 ## - EQUIVALENCE OR CROSS-REFERENCE-GEOGRAPHIC NAME/AREA NAME [OBSOLETE] [CAN/MARC only]
General subdivision 00040109
700 1# - ADDED ENTRY--PERSONAL NAME
Personal name 幼獅文化公司編譯 You shi wen hua gong si bian yi
740 02 - ADDED ENTRY--UNCONTROLLED RELATED/ANALYTICAL TITLE
Uncontrolled related/analytical title 凱撒時代 Kaisa shi dai
740 02 - ADDED ENTRY--UNCONTROLLED RELATED/ANALYTICAL TITLE
Uncontrolled related/analytical title 基督時代 Jidu shi dai
740 02 - ADDED ENTRY--UNCONTROLLED RELATED/ANALYTICAL TITLE
Uncontrolled related/analytical title 奧古斯都時代 Aogusidu shi dai
951 ## - EQUIVALENCE OR CROSS-REFERENCE-GEOGRAPHIC NAME/AREA NAME [OBSOLETE] [CAN/MARC only]
-- C-10319
-- REF-CHCB53/D93/3.3
-- 110228113852062
-- 2000-12-21
-- Ref-CH
Holdings
Withdrawn status Lost status Damaged status Not for loan Home library Current library Shelving location Date acquired Accession number Shelving control number Total Checkouts Full call number Barcode Date last seen Price effective from Koha item type
        BSOP Library BSOP Library   12/21/2000 C-10319 127   REF-CHCB53/D93/3.3 00040109 02/23/2013 02/23/2013 Books
BSOP

Biblical Seminary of the Philippines
  All rights Reserved
  © 2024

CONTACT INFORMATION

Biblical Seminary of the Philippines,
  77-B Karuhatan Road, Valenzuela City,
  PHILIPPINES 1441
  Phone: +632 8292-6795 / 8292-6798
  Fax : +632 8292-6675
  Email: library@bsop.edu.ph